| 000 | 00621nam a22001937a 4500 | ||
|---|---|---|---|
| 999 |
_c103975 _d103975 |
||
| 005 | 20230724153534.0 | ||
| 010 | _aENG-116202 ENG-137546 | ||
| 020 |
_a9789350501016 _c350.00 |
||
| 035 | _aEN-99734 EN-121078 | ||
| 037 | _bDBAD/PUB | ||
| 082 | _a305.800954 | ||
| 100 | _aChattopadhyay, Tapan | ||
| 245 |
_aLepchas and their heritage / _cby Tapan Chattopadhyay |
||
| 260 |
_aDelhi _bB. R. Publishing Corporation _c2013 |
||
| 270 |
_a425,Nimri Colony,Ashok Vihar,Phase-IV _bDelhi _e110052 |
||
| 300 |
_a105p. : _bill (col) _c21cm(Hb) |
||
| 500 | _aIncludes index | ||
| 942 |
_2ddc _cEN _h305.800954 _mCHA |
||